|
|
|
|
| LEADER |
00000naa a2200000 i 4500 |
| 001 |
publ215 |
| 005 |
20150122130949.0 |
| 008 |
150122s2014 hu o 000 zxx d |
| 020 |
|
|
|a 978-963-7159-92-3
|
| 040 |
|
|
|a BGE Publikációtár Repozitórium
|b hun
|
| 100 |
1 |
|
|a Marosán Bence
|
| 245 |
1 |
0 |
|a Instrumentális és célkompetenciák a döntéshozatali folyamatokban
|b megjegyzések a politikum természetéről folytatott vitákhoz
|c Marosán Bence
|h [elektronikus dokumentum]
|
| 260 |
|
|
|a Budapesti Gazdasági Főiskola
|b Budapest
|c 2014
|
| 300 |
|
|
|a 183-192
|
| 490 |
0 |
|
|a Alkalmazott tudományok I. fóruma: Konferenciakötet
|
| 650 |
|
4 |
|a politikatudományok
|
| 695 |
|
|
|a Politikaelmélet
|
| 695 |
|
|
|a Szervezetszociológia
|
| 856 |
4 |
0 |
|u https://publikaciotar.uni-bge.hu/id/eprint/215/1/Maros%C3%A1n.pdf
|z Dokumentum-elérés
|